000 00199 a2200097 4500
020 _a9781426335204
041 _aspa
100 _aKathleen Weidner Zoehfeld
245 _aRocas y Minerales
942 _cK
999 _c27140
_d27140